Aspekty riadenia sponzoringu

Proces sponzoringu. Situačná analýza. Prvky makro- a mikroprostredia podniku pre potreby sponzoringu. Previazanosť cieľov firiem uskutočňujúcich sponzoring. Sociálne ciele podniku. Účastníci resp. subjekty sponzoringu. Hodnotenie vzťahu sponzor - sponzorovaný.

Guardado en:
Detalles Bibliográficos
Autor principal: Lipianska, Júlia
Otros Autores: Rubaninská, Kamila
Formato: Capítulo de libro
Lenguaje:eslovaco
Materias:
Etiquetas: Agregar Etiqueta
Sin Etiquetas, Sea el primero en etiquetar este registro!

MARC

LEADER 00000naa a2200000 4500
001 0128726
005 20240502072457.4
041 0 |a slo 
044 |a SK 
245 1 0 |a Aspekty riadenia sponzoringu  |c Júlia Lipianska, Kamila Rubaninská 
520 |a Proces sponzoringu. Situačná analýza. Prvky makro- a mikroprostredia podniku pre potreby sponzoringu. Previazanosť cieľov firiem uskutočňujúcich sponzoring. Sociálne ciele podniku. Účastníci resp. subjekty sponzoringu. Hodnotenie vzťahu sponzor - sponzorovaný. 
610 2 0 |a sponzorovanie 
610 2 0 |a riadenie podnikové 
610 2 0 |a investície 
610 2 0 |a prostredie podnikové 
100 1 |a Lipianska, Júlia 
700 1 |a Rubaninská, Kamila